[Event "Wch Blitz (Women)"]
[Site "St Petersburg"]
[Date "2018.12.30"]
[Round "13"]
[White "Lomako, Anna"]
[Black "Shaydullina, Sandugach"]
[Result "0-1"]
[WhiteElo "2210"]
[BlackElo "2033"]
[PlyCount "83"]
[EventDate "2018.12.29"]
[EventType "swiss (blitz)"]
[EventRounds "17"]
[EventCountry "RUS"]
[SourceTitle "CBM 187 Extra"]
[Source "ChessBase"]
[SourceDate "2018.11.04"]
[SourceVersion "1"]
[SourceVersionDate "2018.11.04"]
[SourceQuality "1"]

1. e4 c5 2. Nc3 Nc6 3. Bb5 Nd4 4. Bc4 a6 5. Nf3 e6 6. Nxd4 cxd4 7. Ne2 Qb6 8. d3 d5 9. exd5 exd5 10. Bb3 Nf6 11. 0-0 Be7 12. Bg5 0-0 13. Nf4 Be6 14. Re1 h6 15. Bxf6 Bxf6 16. Nxd5 Bxd5 17. Bxd5 a5 18. a4 Qc5 19. Bb3 Ra6 20. Qf3 Qc7 21. Re4 Rd6 22. Rae1 Qd7 23. Qh5 b6 24. h3 Kh8 25. f4 Rc6 26. g4 Rc5 27. g5 Bxg5 28. Qg4 f5 29. Re8 fxg4 30. Rxf8+ Kh7 31. Bg8+ Kg6 32. Be6 Qd6 33. hxg4 Qxf8 34. Bf5+ Kf7 35. fxg5 hxg5 36. Re6 Rxf5 37. gxf5 Qc5 38. Re2 Qb4 39. b3 Kf6 40. Rf2 Qe1+ 41. Kg2 g4 42. Kg3 0-1

[Event "Wch Blitz (Women)"]
[Site "St Petersburg"]
[Date "2018.12.30"]
[Round "12"]
[White "Tevzadze, Mariam"]
[Black "Lomako, Anna"]
[Result "0-1"]
[WhiteElo "1967"]
[BlackElo "2210"]
[PlyCount "118"]
[EventDate "2018.12.29"]
[EventType "swiss (blitz)"]
[EventRounds "17"]
[EventCountry "RUS"]
[SourceTitle "CBM 187 Extra"]
[Source "ChessBase"]
[SourceDate "2018.11.04"]
[SourceVersion "1"]
[SourceVersionDate "2018.11.04"]
[SourceQuality "1"]

1. d4 g6 2. c4 Bg7 3. f3 d6 4. e4 e5 5. d5 Nd7 6. Be3 f5 7. Nc3 Ngf6 8. Qd2 0-0 9. exf5 gxf5 10. Bh6 Nc5 11. b4 Na6 12. a3 c6 13. Bxg7 Kxg7 14. Nh3 cxd5 15. Nxd5 Nxd5 16. Qxd5 Nc7 17. Qd2 Be6 18. Be2 Qh4+ 19. Nf2 d5 20. cxd5 Nxd5 21. g3 Qf6 22. 0-0 Rfd8 23. Qb2 Ne3 24. Rfe1 Rac8 25. Bd3 f4 26. Ne4 Qf5 27. Nc5 Rxd3 28. Nxd3 Qxd3 29. Qxe5+ Kf7 30. Qxf4+ Nf5 31. g4 Qd4+ 32. Qxd4 Nxd4 33. Re3 Nc2 34. Rxe6 Kxe6 35. Rc1 Rc4 36. Kf2 Nxa3 37. Re1+ Kf6 38. h4 Rxb4 39. Ra1 Rb3 40. Rd1 a5 41. g5+ Kg6 42. Rd6+ Kf5 43. Rd5+ Kf4 44. Rd4+ Ke5 45. Re4+ Kf5 46. Kg3 b5 47. Re7 Nc4 48. Rf7+ Kg6 49. Rf6+ Kg7 50. h5 a4 51. h6+ Kg8 52. Ra6 a3 53. Ra8+ Kf7 54. Ra7+ Kg6 55. Rg7+ Kf5 56. Rxh7 a2 57. Ra7 Ra3 58. Rb7 a1Q 59. Rxb5+ Kg6 0-1

[Event "Wch Blitz (Women)"]
[Site "St Petersburg"]
[Date "2018.12.29"]
[Round "2"]
[White "Girya, Olga"]
[Black "Lomako, Anna"]
[Result "1-0"]
[WhiteElo "2454"]
[BlackElo "2210"]
[PlyCount "65"]
[EventDate "2018.12.29"]
[EventType "swiss (blitz)"]
[EventRounds "17"]
[EventCountry "RUS"]
[SourceTitle "CBM 187 Extra"]
[Source "ChessBase"]
[SourceDate "2018.11.04"]
[SourceVersion "1"]
[SourceVersionDate "2018.11.04"]
[SourceQuality "1"]

1. d4 g6 2. e4 Bg7 3. Nf3 d6 4. c3 e5 5. dxe5 dxe5 6. Qxd8+ Kxd8 7. Bc4 f6 8. 0-0 Bd7 9. Be3 Bh6 10. Bxh6 Nxh6 11. Rd1 Ke7 12. Nbd2 Nc6 13. Nf1 Be6 14. Bxe6 Kxe6 15. Ne3 Ne7 16. Nd2 Nf7 17. Nb3 b6 18. c4 c6 19. a4 Rhd8 20. c5 Rxd1+ 21. Rxd1 Rd8 22. Rxd8 Nxd8 23. cxb6 axb6 24. Nc4 Nc8 25. Kf1 Nb7 26. Ke2 f5 27. f4 exf4 28. Nd4+ Kf6 29. e5+ Kf7 30. Nxc6 Nc5 31. a5 bxa5 32. N6xa5 Nb6 33. Nxb6 1-0

[Event "Wch Blitz (Women)"]
[Site "St Petersburg"]
[Date "2018.12.29"]
[Round "4"]
[White "Gvanceladze, Anna"]
[Black "Lomako, Anna"]
[Result "0-1"]
[WhiteElo "2264"]
[BlackElo "2210"]
[PlyCount "118"]
[EventDate "2018.12.29"]
[EventType "swiss (blitz)"]
[EventRounds "17"]
[EventCountry "RUS"]
[SourceTitle "CBM 187 Extra"]
[Source "ChessBase"]
[SourceDate "2018.11.04"]
[SourceVersion "1"]
[SourceVersionDate "2018.11.04"]
[SourceQuality "1"]

1. d4 g6 2. Nf3 Bg7 3. Bf4 d6 4. e3 Nd7 5. h3 e5 6. Bh2 Qe7 7. c3 Ngf6 8. Be2 Ne4 9. 0-0 0-0 10. Nbd2 Nxd2 11. Nxd2 f5 12. b4 Nf6 13. Nc4 Ne4 14. Qc2 Kh8 15. Rfe1 b5 16. Na5 Bd7 17. Rad1 Rad8 18. c4 c6 19. Bf3 d5 20. cxd5 cxd5 21. Nc6 Bxc6 22. Qxc6 exd4 23. exd4 Qxb4 24. Rb1 Qxd4 25. Bxe4 fxe4 26. Bg3 b4 27. Red1 Qc3 28. Qb7 e3 29. fxe3 Qxe3+ 30. Kh2 Be5 31. Bxe5+ Qxe5+ 32. Kh1 a5 33. Re1 Qg3 34. Re7 Qh4 35. Qc7 d4 36. Rbe1 d3 37. Qxa5 d2 38. Rd1 Qxe7 39. Kh2 Qd6+ 40. Kh1 Qe7 41. Kh2 Rf2 42. Qb6 Qe5+ 43. Kh1 Qe2 44. Qxd8+ Kg7 45. Qd7+ Kh6 46. Kh2 Qxd1 47. Qd4 Qe2 48. Qh4+ Kg7 49. Qd4+ Rf6 50. Qd7+ Rf7 51. Qd4+ Kg8 52. Qd8+ Kg7 53. Qd4+ Kf8 54. Qd8+ Qe8 55. Qxd2 Qe5+ 56. Kg1 Qf4 57. Qd8+ Kg7 58. Qb6 Re7 59. Qf2 Qxf2+ 0-1

[Event "Wch Blitz (Women)"]
[Site "St Petersburg"]
[Date "2018.12.29"]
[Round "1"]
[White "Lomako, Anna"]
[Black "Danielian, Elina"]
[Result "1/2-1/2"]
[WhiteElo "2210"]
[BlackElo "2427"]
[PlyCount "81"]
[EventDate "2018.12.29"]
[EventType "swiss (blitz)"]
[EventRounds "17"]
[EventCountry "RUS"]
[SourceTitle "CBM 187 Extra"]
[Source "ChessBase"]
[SourceDate "2018.11.04"]
[SourceVersion "1"]
[SourceVersionDate "2018.11.04"]
[SourceQuality "1"]

1. e4 d6 2. f4 c5 3. Nf3 Nc6 4. Bb5 Bg4 5. Bxc6+ bxc6 6. h3 Bxf3 7. Qxf3 g6 8. 0-0 Bg7 9. d3 Rb8 10. c3 Nf6 11. Nd2 0-0 12. Qf2 a5 13. Nf3 a4 14. a3 Qb6 15. g4 c4 16. g5 Nd7 17. d4 e6 18. f5 exf5 19. exf5 Rfe8 20. Nh4 Kh8 21. Rb1 Qb5 22. fxg6 fxg6 23. Qg3 Qd5 24. Bf4 Re2 25. Rf2 Rxf2 26. Qxf2 Rf8 27. Qg3 Qe4 28. Rf1 d5 29. Ng2 Re8 30. Rf2 Nf8 31. Bd6 Ne6 32. Rf7 Qb1+ 33. Kh2 Qxb2 34. Be5 Qc2 35. Bxg7+ Nxg7 36. Qc7 Rg8 37. Qe7 Qxc3 38. Rxg7 Rxg7 39. Qf8+ Rg8 40. Qf6+ Rg7 41. Qf8+ 1/2-1/2

[Event "Wch Blitz (Women)"]
[Site "St Petersburg"]
[Date "2018.12.29"]
[Round "6"]
[White "Yurasova, Daria"]
[Black "Lomako, Anna"]
[Result "1-0"]
[WhiteElo "2190"]
[BlackElo "2210"]
[PlyCount "42"]
[EventDate "2018.12.29"]
[EventType "swiss (blitz)"]
[EventRounds "17"]
[EventCountry "RUS"]
[SourceTitle "CBM 187 Extra"]
[Source "ChessBase"]
[SourceDate "2018.11.04"]
[SourceVersion "1"]
[SourceVersionDate "2018.11.04"]
[SourceQuality "1"]

1. d4 g6 2. c3 Bg7 3. Nf3 d6 4. Nbd2 e5 5. dxe5 dxe5 6. e4 Nc6 7. Bb5 Nge7 8. 0-0 0-0 9. Ba4 h6 10. Bc2 Be6 11. Nb3 b6 12. Be3 Qe8 13. Qe2 f5 14. exf5 gxf5 15. Bd2 Qf7 16. Rfd1 Ng6 17. Bc1 Rad8 18. Rxd8 Rxd8 19. Be3 Bd5 20. Rd1 a5 21. Nc1 a4 1-0

[Event "Wch Rapid (Women)"]
[Site "St Petersburg"]
[Date "2018.12.28"]
[Round "11"]
[White "Galliamova, Alisa"]
[Black "Lomako, Anna"]
[Result "1-0"]
[WhiteElo "2444"]
[BlackElo "2210"]
[PlyCount "71"]
[EventDate "2018.12.26"]
[EventType "swiss (rapid)"]
[EventRounds "12"]
[EventCountry "RUS"]
[SourceTitle "CBM 187 Extra"]
[Source "ChessBase"]
[SourceDate "2018.11.04"]
[SourceVersion "1"]
[SourceVersionDate "2018.11.04"]
[SourceQuality "1"]

1. Nf3 g6 2. d4 Bg7 3. g3 d6 4. Bg2 Nd7 5. 0-0 e5 6. e4 Ne7 7. Na3 exd4 8. Nxd4 0-0 9. Nc4 Nc5 10. Ne3 Re8 11. c3 a5 12. Qc2 Bd7 13. Rd1 Nc6 14. b3 Qc8 15. Ba3 Ne5 16. Bb2 Bh3 17. Bh1 c6 18. Ne2 Qc7 19. c4 a4 20. b4 a3 21. Bxe5 Bxe5 22. bxc5 Bxa1 23. cxd6 Qd7 24. Rxa1 Qxd6 25. Rb1 Red8 26. Nf4 Bc8 27. c5 Qe5 28. Bf3 Ra5 29. Nc4 Rxc5 30. Nd3 Qf6 31. Nxc5 Qxf3 32. Ne5 Qf6 33. Ncd3 Bh3 34. Rxb7 Rxd3 35. Nxd3 Qd4 36. Ne1 1-0

[Event "Wch Rapid (Women)"]
[Site "St Petersburg"]
[Date "2018.12.27"]
[Round "7"]
[White "Khlichkova, Tatiana"]
[Black "Lomako, Anna"]
[Result "0-1"]
[WhiteElo "2270"]
[BlackElo "2210"]
[PlyCount "114"]
[EventDate "2018.12.26"]
[EventType "swiss (rapid)"]
[EventRounds "12"]
[EventCountry "RUS"]
[SourceTitle "CBM 187 Extra"]
[Source "ChessBase"]
[SourceDate "2018.11.04"]
[SourceVersion "1"]
[SourceVersionDate "2018.11.04"]
[SourceQuality "1"]

1. d4 g6 2. e4 Bg7 3. c4 d6 4. Nc3 e5 5. Be3 exd4 6. Bxd4 Nf6 7. Qd2 0-0 8. f3 a6 9. Nge2 Nc6 10. Be3 Ne5 11. Nd4 c6 12. Be2 d5 13. cxd5 cxd5 14. 0-0 dxe4 15. fxe4 Nfg4 16. Rad1 Nxe3 17. Qxe3 Qh4 18. Nd5 Ng4 19. Qg3 Qxg3 20. hxg3 h5 21. b3 Be5 22. Nc2 Bxg3 23. Bxg4 hxg4 24. Nce3 Be6 25. Nxg4 Kg7 26. Nde3 Rad8 27. Nh2 Rfe8 28. Nf3 f6 29. Rxd8 Rxd8 30. Rd1 Rc8 31. Nf1 Bf4 32. g3 Bb8 33. Kg2 Rc3 34. Nd4 Bg4 35. Rd2 Be5 36. Ne2 Rc8 37. Ne3 Be6 38. Nf4 Bf7 39. Rd7 b5 40. b4 Kf8 41. Ra7 Bd4 42. Rxf7+ Kxf7 43. Ned5 Rc2+ 44. Kh3 Rxa2 45. Nd3 Re2 46. Nc7 Rxe4 47. Nxa6 Bb6 48. Nb8 Rd4 49. Nf4 Bc7 50. Nc6 Rc4 51. Na7 Bxf4 52. gxf4 Rxb4 53. Kg3 Rb1 54. Kf3 b4 55. Ke2 b3 56. Kd2 b2 57. Kc2 Ra1 0-1

[Event "EU-ch (Women) 11th"]
[Site "Rijeka"]
[Date "2010.03.15"]
[Round "9"]
[White "L'Ami, Alina"]
[Black "Lomako, Anna"]
[Result "0-1"]
[WhiteElo "2348"]
[BlackElo "2258"]
[PlyCount "112"]
[EventDate "2010.03.06"]
[EventType "swiss"]
[EventRounds "11"]
[EventCountry "CRO"]
[SourceTitle "CBM 135 Extra"]
[Source "ChessBase"]
[SourceDate "2010.05.04"]
[SourceVersion "1"]
[SourceVersionDate "2010.05.04"]
[SourceQuality "1"]

1. d4 d5 2. c4 e6 3. Nf3 Nf6 4. Bg5 Nbd7 5. cxd5 exd5 6. Nc3 Be7 7. e3 c6 8. Bd3 Nh5 9. Bxe7 Qxe7 10. 0-0 0-0 11. Re1 Ndf6 12. Ne5 g6 13. e4 dxe4 14. Nxe4 Nf4 15. Ng5 Nxd3 16. Qxd3 Bf5 17. Qf3 Rae8 18. h4 h6 19. Nh3 Nd5 20. g4 Bc8 21. Qg3 Qb4 22. Qd3 Qd6 23. f4 h5 24. Ng5 Bxg4 25. Nexf7 Rxe1+ 26. Rxe1 Rxf7 27. Nxf7 Kxf7 28. Qe4 Qe6 29. Qe5 Qxe5 30. fxe5 Ke6 31. Kf2 Ne7 32. Re3 Nf5 33. Ra3 a6 34. Rb3 b5 35. Ra3 Nxd4 36. Rxa6 Kxe5 37. b3 b4 38. Rb6 c5 39. Rxg6 Nf5 40. Ra6 Nxh4 41. a4 bxa3 42. Rxa3 Nf5 43. Ra5 Kd4 44. Ra4+ Kd5 45. b4 c4 46. Ra7 Nd6 47. Ke3 Nb5 48. Rb7 Kc6 49. Rg7 c3 50. Rg5 Bd1 51. Rc5+ Kb6 52. Ke4 c2 53. Ke3 Nd6 54. Kd3 h4 55. Kd4 h3 56. Kd5 h2 0-1

[Event "EU-ch (Women) 11th"]
[Site "Rijeka"]
[Date "2010.03.12"]
[Round "7"]
[White "Dworakowska, Joanna"]
[Black "Lomako, Anna"]
[Result "1-0"]
[WhiteElo "2356"]
[BlackElo "2258"]
[PlyCount "66"]
[EventDate "2010.03.06"]
[EventType "swiss"]
[EventRounds "11"]
[EventCountry "CRO"]
[SourceTitle "CBM 135 Extra"]
[Source "ChessBase"]
[SourceDate "2010.05.04"]
[SourceVersion "1"]
[SourceVersionDate "2010.05.04"]
[SourceQuality "1"]

1. e4 d5 2. exd5 Qxd5 3. Nc3 Qd6 4. d4 Nf6 5. Nge2 c6 6. Bf4 Qb4 7. a3 Qxb2 8. Bc7 Be6 9. Na4 Qb5 10. Nc5 Qc4 11. Qd2 Nd5 12. Ba5 Bf5 13. Nc3 Bd3 14. Qxd3 Qxd3 15. Nxd3 Nf6 16. Bc7 Nbd7 17. Be2 c5 18. Nxc5 Rc8 19. Bg3 Nxc5 20. dxc5 Rxc5 21. Ne4 Ra5 22. 0-0 e5 23. Rab1 Bxa3 24. Bb5+ Ke7 25. Bxe5 a6 26. Rfe1 Rxb5 27. Bb2 Kd7 28. Bxa3 Kc6 29. Rxb5 Kxb5 30. Bb2 Rc8 31. Be5 Kb6 32. c4 Rd8 33. Kf1 Rd2 1-0

[Event "EU-ch (Women) 11th"]
[Site "Rijeka"]
[Date "2010.03.07"]
[Round "2"]
[White "Starcevic, Andrea"]
[Black "Lomako, Anna"]
[Result "0-1"]
[WhiteElo "1712"]
[BlackElo "2258"]
[PlyCount "74"]
[EventDate "2010.03.06"]
[EventType "swiss"]
[EventRounds "11"]
[EventCountry "CRO"]
[SourceTitle "CBM 135 Extra"]
[Source "ChessBase"]
[SourceDate "2010.05.04"]
[SourceVersion "1"]
[SourceVersionDate "2010.05.04"]
[SourceQuality "1"]

1. d4 d5 2. Bg5 Nd7 3. e3 Ngf6 4. Nf3 g6 5. c4 Bg7 6. Nbd2 0-0 7. Bd3 c5 8. 0-0 b6 9. Rc1 Bb7 10. b3 Re8 11. cxd5 Nxd5 12. Nc4 Qc7 13. Bh4 Rad8 14. Bg3 Qc8 15. Re1 Qa8 16. Bb1 cxd4 17. Nxd4 Nc5 18. Qe2 e5 19. Nf3 Nf4 20. exf4 exf4 21. Qf1 fxg3 22. fxg3 Ne4 23. a3 h6 24. b4 Nc3 25. Nfe5 Nxb1 26. Qxf7+ Kh8 27. Rxb1 Bxg2 28. Qxg6 Bd5 29. Qc2 b5 30. Ng6+ Kg8 31. Nce5 Qb8 32. Qf5 Be6 33. Qe4 Rd2 34. Rbd1 Qb6+ 35. Kh1 Bd5 36. Qxd5+ Rxd5 37. Rxd5 Qb7 0-1

[Event "EU-ch (Women) 11th"]
[Site "Rijeka"]
[Date "2010.03.06"]
[Round "1"]
[White "Lomako, Anna"]
[Black "Socko, Monika"]
[Result "0-1"]
[WhiteElo "2258"]
[BlackElo "2465"]
[PlyCount "42"]
[EventDate "2010.03.06"]
[EventType "swiss"]
[EventRounds "11"]
[EventCountry "CRO"]
[SourceTitle "CBM 135 Extra"]
[Source "ChessBase"]
[SourceDate "2010.05.04"]
[SourceVersion "1"]
[SourceVersionDate "2010.05.04"]
[SourceQuality "1"]

1. e4 e6 2. d4 d5 3. exd5 exd5 4. Nf3 Nf6 5. c4 Bd6 6. Nc3 0-0 7. Be2 dxc4 8. 0-0 Bg4 9. h3 Bh5 10. Ne5 Bxe2 11. Qxe2 Nbd7 12. Nxc4 Nb6 13. Bg5 h6 14. Bh4 Re8 15. Ne5 c5 16. Ne4 Nbd5 17. Qc4 Bxe5 18. dxe5 Rxe5 19. Nxc5 Qe7 20. Bg3 Nb6 21. Qd4 Rd5 0-1

[Event "Krasnoyarsk op"]
[Site "Krasnoyarsk"]
[Date "2009.10.11"]
[Round "11"]
[White "Volontinas, Ivan Nikolaevich"]
[Black "Lomako, Anna"]
[Result "0-1"]
[WhiteElo "2196"]
[BlackElo "2246"]
[PlyCount "54"]
[EventDate "2009.10.01"]
[EventType "swiss"]
[EventRounds "11"]
[EventCountry "RUS"]
[SourceTitle "EXT 2010"]
[Source "ChessBase"]
[SourceDate "2010.11.25"]
[SourceVersion "1"]
[SourceVersionDate "2010.11.25"]
[SourceQuality "1"]

1. d4 d5 2. Nf3 Nf6 3. c4 e6 4. e3 Nbd7 5. Nbd2 c5 6. b3 b6 7. Bd3 Bb7 8. 0-0 Be7 9. Bb2 0-0 10. Rc1 Ne4 11. Qe2 f5 12. Rc2 Qe8 13. Ne5 Nxe5 14. dxe5 g5 15. f3 Nxd2 16. Rxd2 Rd8 17. Rfd1 Kh8 18. a4 f4 19. cxd5 exd5 20. e6+ Kg8 21. exf4 gxf4 22. Bb5 Qg6 23. Qe5 d4 24. Qc7 Bxf3 25. Qxe7 Bxd1 26. Rxd1 f3 27. Qb7 Qxg2# 0-1

[Event "Krasnoyarsk op"]
[Site "Krasnoyarsk"]
[Date "2009.10.07"]
[Round "7"]
[White "Lomako, Anna"]
[Black "Keosidi, Konstantin"]
[Result "1/2-1/2"]
[WhiteElo "2246"]
[BlackElo "2399"]
[PlyCount "55"]
[EventDate "2009.10.01"]
[EventType "swiss"]
[EventRounds "11"]
[EventCountry "RUS"]
[SourceTitle "EXT 2010"]
[Source "ChessBase"]
[SourceDate "2010.11.25"]
[SourceVersion "1"]
[SourceVersionDate "2010.11.25"]
[SourceQuality "1"]

1. e4 e5 2. Nf3 Nf6 3. Nxe5 d6 4. Nf3 Nxe4 5. Nc3 Nxc3 6. dxc3 Be7 7. Bf4 Nd7 8. Qd2 Nc5 9. 0-0-0 0-0 10. h4 Re8 11. Bc4 Be6 12. Bxe6 Nxe6 13. Be3 Qd7 14. Kb1 Rad8 15. g4 d5 16. Ne5 Qb5 17. f4 Ba3 18. b3 f6 19. Nf3 Bc5 20. Rhe1 Nf8 21. f5 c6 22. g5 Bxe3 23. Rxe3 Rxe3 24. Qxe3 Qb6 25. Nd4 c5 26. Ne6 Nxe6 27. fxe6 Re8 28. Qf3 1/2-1/2

[Event "EU-ch (Women) 10th"]
[Site "St Petersburg"]
[Date "2009.03.09"]
[Round "2"]
[White "Zimina, Olga"]
[Black "Lomako, Anna"]
[Result "1-0"]
[WhiteElo "2363"]
[BlackElo "2277"]
[PlyCount "73"]
[EventDate "2009.03.08"]
[EventType "swiss"]
[EventRounds "11"]
[EventCountry "RUS"]
[SourceTitle "CBM 129 Extra"]
[Source "ChessBase"]
[SourceDate "2009.05.05"]
[SourceVersion "2"]
[SourceVersionDate "2009.05.20"]
[SourceQuality "1"]

1. e4 d5 2. exd5 Qxd5 3. Nc3 Qd6 4. d4 Nf6 5. Nf3 a6 6. g3 Bg4 7. h3 Bh5 8. Bg2 Nc6 9. 0-0 0-0-0 10. Be3 e5 11. dxe5 Nxe5 12. g4 Qxd1 13. Raxd1 Rxd1 14. Rxd1 Nxf3+ 15. Bxf3 Bg6 16. g5 Nd7 17. Bg4 Bd6 18. Nd5 h5 19. gxh6 f5 20. hxg7 Rg8 21. Bf4 Bc5 22. Be2 Rxg7 23. Nxc7 Bf7+ 24. Kf1 Rh7 25. Rd3 Nf6 26. Na8 b6 27. b4 Bxb4 28. Rd4 Kb7 29. Rxb4 Nd5 30. Bf3 Rxh3 31. Nxb6 a5 32. Bxd5+ Bxd5 33. Rb2 Bf3 34. Ke1 Rh4 35. Be3 Kc6 36. Nc8 f4 37. Bd4 1-0

[Event "Krasnoyarsk Marchko Memorial"]
[Site "Krasnoyarsk"]
[Date "2008.12.25"]
[Round "6"]
[White "Keosidi, Konstantin"]
[Black "Lomako, Anna"]
[Result "1-0"]
[WhiteElo "2370"]
[BlackElo "2277"]
[PlyCount "47"]
[EventDate "2008.12.20"]
[EventType "tourn"]
[EventRounds "9"]
[EventCountry "RUS"]
[SourceTitle "EXT 2022"]
[Source "ChessBase"]
[SourceDate "2021.10.06"]
[SourceVersion "1"]
[SourceVersionDate "2021.10.06"]
[SourceQuality "1"]

1. d4 d5 2. c4 e5 3. dxe5 d4 4. Nf3 Nc6 5. g3 Nge7 6. Bg2 Ng6 7. 0-0 Ngxe5 8. Nxe5 Nxe5 9. Qb3 c6 10. Rd1 Bc5 11. Bf4 Qe7 12. Nd2 Ng6 13. Ne4 Nxf4 14. gxf4 Bb6 15. c5 Bxc5 16. Nxc5 Qxc5 17. Rac1 Qb6 18. Qxb6 axb6 19. Rxc6 bxc6 20. Bxc6+ Ke7 21. Bxa8 Bg4 22. Be4 Bxe2 23. Re1 Bg4 24. Bf5+ 1-0

[Event "Krasnoyarsk Marchko Memorial"]
[Site "Krasnoyarsk"]
[Date "2008.12.23"]
[Round "4"]
[White "Sosnin, Mikhail"]
[Black "Lomako, Anna"]
[Result "1/2-1/2"]
[WhiteElo "2197"]
[BlackElo "2277"]
[PlyCount "154"]
[EventDate "2008.12.20"]
[EventType "tourn"]
[EventRounds "9"]
[EventCountry "RUS"]
[SourceTitle "EXT 2022"]
[Source "ChessBase"]
[SourceDate "2021.10.06"]
[SourceVersion "1"]
[SourceVersionDate "2021.10.06"]
[SourceQuality "1"]

1. e4 c5 2. c3 d5 3. exd5 Qxd5 4. d4 Nf6 5. Nf3 Bg4 6. Be2 e6 7. 0-0 Nc6 8. Be3 cxd4 9. cxd4 Bb4 10. h3 Bh5 11. a3 Ba5 12. b4 Bb6 13. Nc3 Qd6 14. b5 Na5 15. Na4 Bc7 16. g3 Nd5 17. Bd2 0-0 18. Nc5 Qe7 19. Qe1 Nc4 20. Bg5 f6 21. g4 fxg5 22. Bxc4 Nf4 23. gxh5 Nxh3+ 24. Kg2 Nf4+ 25. Kh1 Rae8 26. Rg1 Qf7 27. Rxg5 h6 28. Ne5 Qf6 29. Rg4 Qf5 30. f3 Qxh5+ 31. Qh4 Qf5 32. Rxf4 Qxf4 33. Qxf4 Rxf4 34. Bxe6+ Kh7 35. Bf7 Re7 36. Bg6+ Kg8 37. Be4 Bxe5 38. dxe5 Rxe5 39. Nd3 Rh4+ 40. Kg2 Rxb5 41. Kg3 g5 42. Nf2 Rf4 43. a4 Rb6 44. Rd1 Kg7 45. a5 Rb5 46. Ra1 h5 47. Ra3 h4+ 48. Kh3 Kf7 49. Nd3 Rf6 50. Nc1 Ra6 51. Nb3 Rd6 52. Kg4 Rd1 53. Na1 Rg1+ 54. Kh3 Kf6 55. Nc2 Ke5 56. a6 bxa6 57. Rxa6 Rg3+ 58. Kh2 g4 59. Bd3 Rb3 60. Ra5+ Kd6 61. Ra6+ Kc5 62. Be4 Rb6 63. Rxa7 gxf3 64. Rf7 Rb3 65. Rf6 Rb2 66. Kh1 Ra2 67. Rc6+ Kb5 68. Nd4+ Kb4 69. Nc2+ Kb3 70. Bd5+ Kb2 71. Bxa2 f2 72. Ne3 Rg1+ 73. Kh2 Kxa2 74. Rf6 Kb3 75. Rxf2 Rg3 76. Nf5 Rc3 77. Nxh4 Rc2 1/2-1/2

[Event "RUS-ch (Women) 1st League 58th"]
[Site "Smolensk"]
[Date "2008.03.06"]
[Round "9"]
[White "Lomako, Anna"]
[Black "Solovjova, Valentina"]
[Result "0-1"]
[WhiteElo "2283"]
[BlackElo "2221"]
[PlyCount "124"]
[EventDate "2008.02.27"]
[EventType "swiss"]
[EventRounds "9"]
[EventCountry "RUS"]
[SourceTitle "CBM 123 Extra"]
[Source "ChessBase"]
[SourceDate "2008.05.06"]
[SourceVersion "1"]
[SourceVersionDate "2008.05.06"]
[SourceQuality "1"]

1. e4 c6 2. d4 d5 3. exd5 cxd5 4. c4 Nf6 5. Nc3 g6 6. Qb3 Bg7 7. cxd5 0-0 8. Be2 Na6 9. Bf3 Qb6 10. Qxb6 axb6 11. Nge2 Nb4 12. 0-0 Rd8 13. d6 Rxd6 14. Bf4 Rd7 15. Rfd1 Nfd5 16. Bg3 Nxc3 17. bxc3 Nc6 18. Nf4 Ra5 19. Nd3 Ra3 20. Rdc1 Rd8 21. Bc7 Re8 22. Bxc6 bxc6 23. Bxb6 Bh6 24. Rd1 Rxc3 25. a4 Bg4 26. f3 Bf5 27. Nb4 Be3+ 28. Kh1 e5 29. Na6 Bxd4 30. Bxd4 exd4 31. Rxd4 Ra8 32. Nc7 Rc8 33. Na6 c5 34. Rd6 Rb3 35. a5 c4 36. Rb6 Be6 37. Nb4 c3 38. Nd3 c2 39. Nc1 Rxb6 40. axb6 Rb8 41. Ra3 Rxb6 42. Rc3 Rd6 43. Rd3 Rb6 44. Re3 Rd6 45. Rd3 Rb6 46. Re3 Rb1 47. Re1 h5 48. Kg1 Bf5 49. Kf2 Kg7 50. h4 f6 51. Rg1 Rb4 52. g3 Rd4 53. Ke2 Bd7 54. Re1 Bb5+ 55. Ke3 Rd1 56. Kf2 Rd2+ 57. Ke3 Rg2 58. Kf4 Kh6 59. Nb3 Bc4 60. Na1 g5+ 61. Ke3 Re2+ 62. Rxe2 c1Q+ 0-1

[Event "RUS-ch U20 Girls"]
[Site "St Petersburg"]
[Date "2007.03.21"]
[Round "11"]
[White "Dolgova, Olga"]
[Black "Lomako, Anna"]
[Result "0-1"]
[WhiteElo "2245"]
[BlackElo "2300"]
[PlyCount "54"]
[EventDate "2007.03.10"]
[EventType "tourn"]
[EventRounds "11"]
[EventCountry "RUS"]
[EventCategory "2"]
[SourceTitle "CBM 117 Extra"]
[Source "ChessBase"]
[SourceDate "2007.05.09"]
[SourceVersion "1"]
[SourceVersionDate "2007.05.09"]
[SourceQuality "1"]

1. d4 d5 2. Nc3 Nf6 3. Bg5 Nbd7 4. e3 c6 5. f4 g6 6. Bd3 Bg7 7. Nf3 b5 8. a3 a5 9. 0-0 0-0 10. Qe1 Ba6 11. b4 Bc8 12. Qh4 Nb6 13. Ne5 Qd6 14. f5 axb4 15. fxg6 fxg6 16. axb4 Rxa1 17. Rxa1 Nc4 18. Bf4 Nxe5 19. Bxe5 Qxb4 20. Ne2 Ng4 21. Bxg7 Kxg7 22. c3 Qb2 23. Rd1 Rf7 24. Qg3 Nf2 25. Qxf2 Rxf2 26. Kxf2 Bg4 27. Rc1 Qd2 0-1